| 000 | 00877nam a2200277Ia 4500 | ||
|---|---|---|---|
| 008 | 160319s9999 xx 000 0 und d | ||
| 245 | _aPay it forward [videorecording] / | ||
| 245 | _cWarner Bros. Pictures ; Tapestry Films Production ; script by Leslie Dixon ; directed by Mimi Leder. | ||
| 260 | _aLos Angeles, CA : | ||
| 260 | _bWarner Bros Pictures | ||
| 260 | _c2000 | ||
| 300 | _avideodisc (123 min.) : | ||
| 300 | _bsound, colored ; | ||
| 300 | _c4 3/4 in. | ||
| 500 | _aBased on the novel by Catherine Ryan Hyde. | ||
| 650 | _aBoys -- | ||
| 650 | _aHyde, Catherine Ryan -- | ||
| 650 | _aKindness -- | ||
| 650 | _aTeacher-student relationships -- | ||
| 650 | _xDrama. | ||
| 650 | _xDrama. | ||
| 650 | _xDrama. | ||
| 650 | _xFilm and video adaptations. | ||
| 700 | _aLeder, Mimi, 1952-, added author. | ||
| 700 | _aWarner Home Video (Firm) | ||
| 999 |
_c292675 _d292675 |
||